Famous 'Wa' People by Picture Quiz Stats

 Plays Quiz Updated Jan 16, 2017

Challenge
Share
Tweet
Score 0/20 Timer 05:00
4 Plays Today
% Correct
Denzel Washington
93.6%
John Wayne
88.6%
Emma Watson
87.5%
Mark Wahlberg
84.9%
Christopher Walken
82.4%
Andy Warhol
74.2%
Paul Walker
66.3%
Dwyane Wade
48.6%
Christoph Waltz
44%
Marlon Wayans
42.8%
% Correct
John Waters
35.6%
Naomi Watts
34.8%
Jessica Walter
31.9%
Abby Wambach
31.4%
Patrick Warburton
30.4%
Tom Waits
26.6%
Sela Ward
24.7%
David Foster Wallace
19.4%
Kate Walsh
18%
Ken Watanabe
17.8%

You're not logged in!

Compare scores with friends on all Sporcle quizzes.
Join for Free
OR
Log In

You Might Also Like...

Show Comments

Extras

Top Quizzes Today


Score Distribution

Your Account Isn't Verified!

In order to create a playlist on Sporcle, you need to verify the email address you used during registration. Go to your Sporcle Settings to finish the process.

Report this User

Report this user for behavior that violates our Community Guidelines.

Details: